00339nam a22001337a 4500003000400000008004100004020001800045100002600063245003600089250001300125260005100138300000800189650000800197OSt200704b ||||| |||| 00| 0 eng d a9780198069836 aCHATTERJI, Madhumita  aCorporate Social Responsibility a11th IMP aNew DelhibOxford University Press Indiac2019 a348 aMBA